000 00541nam a2200181 4500
001 121037
003 ES-MaACL
005 20230906191656.0
007 t|
008 070214s1967 sp r ||||1| spa d
100 1 _aPremoisan, Alan.
_993754
245 1 4 _aLos cuadernos de Cecilia /
_cAlain Premoisan ; prefacio de André Talvas ; traducción, M. J. R.
260 _aMadrid :
_bStudium,
_c1967.
300 _a200 p. ;
_c18 cm.
700 1 _aTalvas, André.
_9109136
700 1 _aM. J. R.
_974982
852 _aES-MaACL
_jC-33868
_bR.64372
999 _c121037
_d121037